00343nam a2200109Ia 4500008004100000020001800041082001700059100003600076245006300112260004700175300001100222191014s9999 xx 000 0 und d a981-02-3474-0 a530.143bASO aManuel Asorey & Antonio Dobado  0aAdvanced School on Non Perturbative Quantum Field Physics  aSingaporebWorld Scientific Company c1998 aIx,222